Video steganography by audio video separation (Record no. 5629)

MARC details
000 -LEADER
fixed length control field 00540nam a22001817a 4500
003 - CONTROL NUMBER IDENTIFIER
control field OSt
005 - DATE AND TIME OF LATEST TRANSACTION
control field 20220107122826.0
008 - FIXED-LENGTH DATA ELEMENTS--GENERAL INFORMATION
fixed length control field 170602b xxu||||| |||| 00| 0 eng d
040 ## - CATALOGING SOURCE
Transcribing agency IIITMK
100 ## - MAIN ENTRY--PERSONAL NAME
Personal name Athira Nair (93616009)
9 (RLIN) 11856
245 ## - TITLE STATEMENT
Title Video steganography by audio video separation
300 ## - PHYSICAL DESCRIPTION
Extent Msc CS - Mini Project
502 ## - DISSERTATION NOTE
Degree type MSC CS
Name of granting institution 2016-18
Year degree granted INT
-- Dr. Sabu M Thampi
650 ## - SUBJECT ADDED ENTRY--TOPICAL TERM
Topical term or geographic name entry element VIDEO STEGANOGRAPHY
9 (RLIN) 11857
650 ## - SUBJECT ADDED ENTRY--TOPICAL TERM
Topical term or geographic name entry element ELLIPTIC CURVE CRYPTOGRAPHY
9 (RLIN) 11858
650 ## - SUBJECT ADDED ENTRY--TOPICAL TERM
Topical term or geographic name entry element FAST FOURIER TRANSFORM
9 (RLIN) 11859
942 ## - ADDED ENTRY ELEMENTS (KOHA)
Source of classification or shelving scheme Dewey Decimal Classification
Koha item type
Holdings
Withdrawn status Lost status Source of classification or shelving scheme Damaged status Not for loan Collection code Home library Current library Shelving location Date acquired Total Checkouts Barcode Date last seen Price effective from Koha item type
    Dewey Decimal Classification     Non Fiction IIITM-K Kerala University of Digital Sciences, Innovation and Technology Knowledge Centre   02/06/2017   R-1212 02/06/2017 02/06/2017 Project Reports